000 00477cam a22001574a 4500
020 _a9780816061006
020 _a0816061009
050 0 0 _aQH 541.14
_b.A45
100 1 _aAllaby, Michael.
245 1 0 _aEcology :
_bplants, animals, and the environment /
_cMichael Allaby ; illustrations by Richard Garratt.
260 _aNew York :
_bFacts on File,
_cc2010.
300 _a223 p. :
650 0 _vJuvenile literature.
650 0 _xHistory
_vJuvenile literature.
942 _2lcc
_cGEN
999 _c6764
_d6764